000 00440nam a2200181Ia 4500
001 15447
005 20260306170157.0
008 260306t2008||||xx |||||||||||||| ||und||
041 _aESP
082 _a540
_bD88
100 _aDomínguez Reboiras, Miguel Ángel
_eAUT
245 0 _aQuímica:
_bla ciencia básica
260 _c2008
300 _a1233 páginas :
_c28 cm.
650 _aGEN
654 _aCCN
942 _cLIB
_dJUS
_fJUS
_2ddc
_n
999 _c15447
_d15447